Изготовление контрольных образцов и выбор метода измерения влажности древесины; Информационные технологии (IT) в контроле, управлении качеством и безопасности

Detaylı Bibliyografya
Parent link:Информационные технологии (IT) в контроле, управлении качеством и безопасности.— 2019.— [С. 269-273]
Yazar: Серебренников И. Р. Илья Романович
Müşterek Yazar: Национальный исследовательский Томский политехнический университет
Özet:Заглавие с экрана
Статья посвящена обзору методов контроля влажности древесины, и подготовке контрольных образцов для измерения влажности древесины. Экспериментальным путём были выявлены зависимости электрических параметров от степени влажности. Проведенное исследование позволяет утверждать, что на результаты контроля влияют несколько факторов, одним из которых является форма и однотипность размеров образцов. Другим немаловажным параметром можно считать время распределения влаги, требуемое для однородного увлажнения объекта контроля.
The article is devoted to the review of methods for controlling wood moisture, and the preparation of control samples for measuring wood moisture. Experiments revealed the dependence of electrical parameters on the degree of humidity. The study suggests that several factors influence the control results, one of which is the shape and uniformity of sample sizes. Another important parameter can be considered the moisture distribution time required for uniform humidification of the test object.
Dil:Rusça
Baskı/Yayın Bilgisi: 2019
Konular:
Online Erişim:http://earchive.tpu.ru/handle/11683/57596
Materyal Türü: Elektronik Kitap Bölümü
KOHA link:https://koha.lib.tpu.ru/cgi-bin/koha/opac-detail.pl?biblionumber=630799

MARC

LEADER 00000naa2a2200000 4500
001 630799
005 20231102024504.0
035 |a (RuTPU)RU\TPU\conf\32313 
035 |a RU\TPU\conf\32312 
090 |a 630799 
100 |a 20200123d2019 k y0rusy50 ca 
101 0 |a rus 
102 |a RU 
105 |a y z 101zy 
135 |a drcn ---uucaa 
181 0 |a i  
182 0 |a b 
200 1 |a Изготовление контрольных образцов и выбор метода измерения влажности древесины  |d Making control samples and selecting a method for measuring water humidity  |f И. Р. Серебренников 
203 |a Текст  |c электронный 
230 |a 1 компьютерный файл (pdf; 666 Кб) 
300 |a Заглавие с экрана 
320 |a [Библиогр.: с. 273 (3 назв.)] 
330 |a Статья посвящена обзору методов контроля влажности древесины, и подготовке контрольных образцов для измерения влажности древесины. Экспериментальным путём были выявлены зависимости электрических параметров от степени влажности. Проведенное исследование позволяет утверждать, что на результаты контроля влияют несколько факторов, одним из которых является форма и однотипность размеров образцов. Другим немаловажным параметром можно считать время распределения влаги, требуемое для однородного увлажнения объекта контроля. 
330 |a The article is devoted to the review of methods for controlling wood moisture, and the preparation of control samples for measuring wood moisture. Experiments revealed the dependence of electrical parameters on the degree of humidity. The study suggests that several factors influence the control results, one of which is the shape and uniformity of sample sizes. Another important parameter can be considered the moisture distribution time required for uniform humidification of the test object. 
463 0 |0 (RuTPU)RU\TPU\conf\32128  |t Информационные технологии (IT) в контроле, управлении качеством и безопасности  |o сборник научных трудов VIII Международной конференции школьников, студентов, аспирантов, молодых ученых "Ресурсоэффективные системы в управлении и контроле: взгляд в будущее", 7 -12 октября 2019 г., г. Томск  |f Национальный исследовательский Томский политехнический университет (ТПУ)  |v [С. 269-273]  |d 2019 
510 1 |a Making control samples and selecting a method for measuring water humidity  |z eng 
610 1 |a электронный ресурс 
610 1 |a труды учёных ТПУ 
610 1 |a контрольные образцы 
610 1 |a влажность 
610 1 |a древесина 
610 1 |a преобразователи 
610 1 |a электрофизические параметры 
610 1 |a методы измерений 
610 1 |a wood moisture 
610 1 |a control sample 
610 1 |a converter 
610 1 |a electrophysical parameter 
610 1 |a water 
700 1 |a Серебренников  |b И. Р.  |g Илья Романович 
712 0 2 |a Национальный исследовательский Томский политехнический университет  |c (2009- )  |2 stltpush  |3 (RuTPU)RU\TPU\col\15902  |9 26305 
801 2 |a RU  |b 63413507  |c 20200128  |g RCR 
856 4 |u http://earchive.tpu.ru/handle/11683/57596 
942 |c BK